Circuitos con parámetros periódicamente variables (Record no. 146816)

MARC details
000 -LEADER
campo de control de longitud fija 00690nam a2200193 i 4500
001 - NÚMERO DE CONTROL
campo de control 146816
003 - IDENTIFICADOR DE NÚMERO DE CONTROL
campo de control ES-MaACL
007 - CAMPO FIJO DE DESCRIPCIÓN FÍSICA--INFORMACIÓN GENERAL
campo de control de longitud fija t|
008 - DATOS DE LONGITUD FIJA--INFORMACIÓN GENERAL
campo de control de longitud fija 070918s1973 sp ||||1| spa d
080 ## - NÚMERO DE LA CLASIFICACIÓN DECIMAL UNIVERSAL
Número de la Clasificación Decimal Universal 621.3.049
100 1# - ENTRADA PRINCIPAL--NOMBRE DE PERSONA
Nombre de persona Tucker, David Gorda.
9 (RLIN) 111628
245 10 - MENCIÓN DEL TÍTULO
Título Circuitos con parámetros periódicamente variables
Resto del título : incluyendo moduladores y amplificadores paramétricos... /
Mención de responsabilidad, etc. D.G. Tucker ; traducido por Rafael Ausejo... y Miguel Estarelles.
260 ## - PUBLICACIÓN, DISTRIBUCIÓN, ETC.
Lugar de publicación, distribución, etc. Bilbao :
Nombre del editor, distribuidor, etc. Urmo,
Fecha de publicación, distribución, etc. [1973]
300 ## - DESCRIPCIÓN FÍSICA
Extensión 176 p. :
Otras características físicas il. ;
Dimensiones 25 cm.
650 14 - PUNTO DE ACCESO ADICIONAL DE MATERIA--TÉRMINO DE MATERIA
Término de materia o nombre geográfico como elemento de entrada Circuitos eléctricos.
9 (RLIN) 11044
700 1# - ENTRADA AGREGADA--NOMBRE PERSONAL
Nombre de persona Ausejo, Rafael.
9 (RLIN) 23944
700 1# - ENTRADA AGREGADA--NOMBRE PERSONAL
Nombre de persona Estarelles, Miguel.
9 (RLIN) 48015
852 ## - LOCALIZACIÓN
Ubicación ES-MaACL
Número de control de estantería E-8310
Sublocalización o colección R.92573
Holdings
Estatus retirado Estado de pérdida Estado de daño No para préstamo Biblioteca de origen Biblioteca actual Ubicación en estantería Fecha de adquisición Fuente de adquisición Total de préstamos Signatura topográfica completa Código de barras Visto por última vez Precio de reemplazo Tipo de ítem Koha
        Biblioteca del Ateneo de Madrid Biblioteca del Ateneo de Madrid Depósito 2 17/01/2008     E-8310 1153227 23/02/2023 23/02/2023 Libro impreso